| 000 | 00622cam a2200193 4500 | ||
|---|---|---|---|
| 005 | 20170308114112.0 | ||
| 008 | 170308b mx ||||| |||| 00| 0 spa d | ||
| 050 | 0 | 4 |
_aHC79.E5 _bP76 1992 |
| 245 | 0 | 0 |
_aPrograma de aspectos ambientales / _cGobierno del Estado de Michoacán, SEDESOL. |
| 250 | _a1a ed. | ||
| 260 |
_aMéxico : _bSEDESOL - Michoacán, _c1992 |
||
| 300 |
_ap.v. ; _c29 cm. |
||
| 504 | _aIncluye índice | ||
| 650 | 4 |
_aMedio ambiente _xUrbanismo |
|
| 650 | 4 |
_aMedio ambiente _xPolítica Ambiental |
|
| 650 | 4 |
_aMedio ambiente _xProgramas |
|
| 710 | 2 | _aGobierno del Estado de Michoacán | |
| 942 |
_2lcc _cLIB |
||
| 999 |
_c115863 _d115863 |
||